000 00491nam a22001817a 4500
005 20251108164917.0
008 250721s1977 xx 000 0 ara d
082 1 4 _a962.04/موس
100 1 _aصبري، موسى
245 1 0 _aوثائق 15 مايو /
250 _aط2.
264 1 _aالاسكندرية :
_bالمكتب المصري الحديث،
_c1977.
300 _a416ص
650 1 7 _aمصر
650 1 7 _aالتاريخ السياسي
942 _2ddc
_cBK
999 _c17259
_d17259